01751nam a22002777a 450000500170000000800410001702000180005804000250007604100080010104400070010908200190011610000340013524501500016926000650031930000550038450000200043950400620045950506920052165000170121365000550123065000300128565000400131565000440135565000460139970000280144520180803170149.0150827t2015 ck |||||r|||| 00| 0 spa d a9789588537917 aCO-BoIAVHcCO-BoIAVH0 aspa ack04a623.8542bL92p1 aLozano-Rivas, William Antonio1 aPotabilización del agua:bPrincipios de diseño, control de procesos y laboratorio / cWilliam Antonio, Lozano-Rivas y Guillermo Lozano Bravo. aBogotá (Colombia):bUniversidad Piloto de Colombia,c2015. a370 p.bilustraciones, tablas y gráficas.c24 cm aIncluye anexos. aIncluye referencias bibliográficas (Páginas 347-352). a1. Generalidades de la calidad del agua para consumo humano. 2. Generalidades de la potabilización. 3. Dotación, caudales y periodo de diseño. 4. Diseño de unidades preliminares. 5. Diseño del canal de entrada. 6. Fundamentos de los procesos de clarificación. 7. Diseño de mezcladores rápidos. 8. Diseño de mezcladores lentos o flocuadores. 9. Diseño de sedimentadores. 10. Diseño de unidades de filtración. 11. Desinfección. 12. Tratamiento de los lodos en la potabilización. 13. Errores más frecuentes de diseño y operación. 14. Pruebas de jarras, ensayos de tratabilidad y pruebas de campo: datos para el diseño y el control de la potabilización. 6aAgua potable 6aProcesos de potabilización del aguaxCálculos. 6aPotabilización del agua 6aPotabilización del aguaxProcesos 6aPotabilización del aguaxHerramientas 6aPotabilización del aguaxDesinfección1 aLozano Bravo, Guillermo